000 00655nam a2200193Ia 4500
001 21598
003 GE_BSU
008 181216s||||||||xx |||||||||||||| ||und||
040 _cGE_BSU
245 _aТеоретическая и математическая физика Том 192 №3 Сентябрь 2017
245 _cГл.ред.А.А.Славнов
260 _aМосква
260 _c2017
300 _a535 стр. 24см.
653 _aПериодика
653 _aТеоретическая и математическая физика Том 192 №3 Сентябрь 2017
653 _aპერიოდიკა
942 _cCR
999 _c54534
_d54534